[Event "XXVIII Festival A"]
[Site "Arco ITA"]
[Date "2006.10.23"]
[Round "3"]
[White "Buck, Klaus-Michael"]
[Black "Ferrari, Michele"]
[Result "0-1"]
[WhiteElo "1665"]
[BlackElo "1843"]
[PlyCount "94"]
[EventDate "2006.10.21"]

1. d4 d5 2. c4 e6 3. cxd5 exd5 4. Nc3 c6 5. Bf4 Bd6 6. Bxd6 Qxd6 7. e3 Bf5 8.
Bd3 Bxd3 9. Qxd3 Nf6 10. Nge2 O-O 11. h3 Nbd7 12. O-O Rfe8 13. Ng3 Re6 14. Qc2
Rae8 15. Rac1 a6 16. Na4 Ne4 17. Nxe4 Rxe4 18. Nc5 Nxc5 19. Qxc5 Qd7 20. Rc3
R8e6 21. Rb3 Rg6 22. Qa7 h6 23. Qb8+ Kh7 24. Rxb7 Qxh3 25. Qh2 Qf5 26. Rb3 Reg4
27. g3 R6g5 28. Qg2 h5 29. Qh2 Kg6 30. Rb6 h4 31. Rxc6+ f6 32. Qg2 Qd3 33. Rc3
Qe2 34. Rb3 Rxg3 35. fxg3 Rxg3 36. Rf2 Qe1+ 37. Kh2 Rxg2+ 38. Rxg2+ Kh6 39. Rb7
g5 40. Rb6 Kg6 41. Rb3 Kh5 42. Rg1 Qf2+ 43. Rg2 Qf5 44. Rb8 Kg6 45. Rb3 g4 46.
Rb8 g3+ 47. Kg1 Qb1# 0-1

[Event "XXVIII Festival A"]
[Site "Arco ITA"]
[Date "2006.10.23"]
[Round "3"]
[White "Burani, Eugenio"]
[Black "Giaracuni, Claudio"]
[Result "1-0"]
[WhiteElo "2023"]
[BlackElo "1652"]
[PlyCount "67"]
[EventDate "2006.10.21"]

1. e4 e6 2. d4 d5 3. e5 c5 4. c3 Nc6 5. Nf3 Qb6 6. a3 cxd4 7. cxd4 Nge7 8. Bd3
Bd7 9. Bc2 Ng6 10. O-O Be7 11. Nc3 a6 12. Na4 Qa7 13. b4 O-O 14. Re1 Rac8 15.
Be3 Rc7 16. Rc1 Rfc8 17. Nc5 b6 18. Nxd7 Rxd7 19. Qd3 Rdc7 20. Bb1 Qb7 21. h4
Na7 22. h5 Rxc1 23. Bxc1 Nf8 24. Ng5 Bxg5 25. Bxg5 h6 26. Bf6 g5 27. f4 Nb5 28.
fxg5 Nc3 29. Qg3 Ne4 30. Bxe4 dxe4 31. gxh6+ Ng6 32. hxg6 fxg6 33. Qxg6+ Kf8
34. h7 1-0

[Event "XXVIII Festival A"]
[Site "Arco ITA"]
[Date "2006.10.23"]
[Round "3"]
[White "Cardili, Mariano"]
[Black "Castellano, Alfonso"]
[Result "1-0"]
[WhiteElo "2079"]
[BlackElo "1926"]
[PlyCount "57"]
[EventDate "2006.10.21"]

1. d4 Nf6 2. c4 g6 3. Nc3 Bg7 4. e4 d6 5. Nf3 O-O 6. Be2 e5 7. O-O Nbd7 8. Re1
c6 9. d5 cxd5 10. cxd5 Ne8 11. Nd2 f5 12. f3 Ndf6 13. Nc4 f4 14. Bd2 Rf7 15.
Nb5 g5 16. Bb4 Bf8 17. Qb3 Rd7 18. Qa3 Be7 19. Ba5 b6 20. Bxb6 axb6 21. Qxa8
Nc7 22. Nxc7 Rxc7 23. Nxb6 Rc2 24. Nxc8 Rxc8 25. Qa6 Ra8 26. Qb7 Rb8 27. Qa7
Rxb2 28. Rab1 Rc2 29. Rb8 1-0

[Event "XXVIII Festival A"]
[Site "Arco ITA"]
[Date "2006.10.23"]
[Round "3"]
[White "Carlozzi, Giovanni"]
[Black "Bozzao, Francesco"]
[Result "0-1"]
[WhiteElo "1789"]
[BlackElo "1972"]
[PlyCount "88"]
[EventDate "2006.10.21"]

1. e4 c5 2. Nf3 d6 3. Bc4 e6 4. c3 Qc7 5. Na3 a6 6. d4 cxd4 7. cxd4 d5 8. exd5
Bxa3 9. Qa4+ Bd7 10. Qxa3 Qxc4 11. dxe6 Qxe6+ 12. Be3 Bb5 13. Rc1 Ne7 14. Rc5
Qd7 15. Ne5 Qd6 16. Qb3 O-O 17. a4 b6 18. Rc2 Be8 19. Nc4 Qe6 20. Re2 b5 21.
Na5 Qxb3 22. Nxb3 Nd5 23. Bd2 f6 24. Nc5 Nc6 25. Ne6 Rf7 26. O-O Bd7 27. Rc1
Re7 28. f4 Rae8 29. f5 Bxe6 30. Rxc6 Bxf5 31. Rf2 Bd3 32. h3 bxa4 33. Rc5 Rd7
34. Rf3 Bb5 35. Rg3 Kf7 36. h4 Re2 37. Ba5 Rxb2 38. h5 Nf4 39. h6 Ne2+ 40. Kh2
Nxg3 41. Kxg3 gxh6 42. d5 Rb3+ 43. Kh2 Rd3 44. Be1 R3xd5 0-1

[Event "XXVIII Festival A"]
[Site "Arco ITA"]
[Date "2006.10.23"]
[Round "3"]
[White "Cracco, Pietro"]
[Black "Fortunato, Vito"]
[Result "1-0"]
[WhiteElo "2039"]
[BlackElo "1866"]
[PlyCount "77"]
[EventDate "2006.10.21"]

1. c4 c5 2. g3 Nf6 3. Bg2 g6 4. Nc3 Bg7 5. a3 Nc6 6. Rb1 a5 7. e3 O-O 8. Nge2
Qc7 9. O-O d6 10. b3 Bf5 11. d3 Rab8 12. h3 Na7 13. e4 Bd7 14. Bg5 e6 15. Qd2
Bc6 16. Bh6 b5 17. Bxg7 Kxg7 18. h4 Rfd8 19. Nf4 b4 20. axb4 axb4 21. Nce2 d5
22. cxd5 exd5 23. exd5 Nxd5 24. h5 Nxf4 25. h6+ Kxh6 26. Nxf4 Kg7 27. Qb2+ Kg8
28. Rfe1 Bxg2 29. Kxg2 Nb5 30. Qf6 Qd6 31. Qg5 Nd4 32. Rh1 Qc6+ 33. Kh3 Nf3 34.
Qh6 Qd7+ 35. Kg2 Ne1+ 36. Rhxe1 Qf5 37. Rh1 g5 38. Nh5 Qg6 39. Nf6+ 1-0

[Event "XXVIII Festival A"]
[Site "Arco ITA"]
[Date "2006.10.23"]
[Round "3"]
[White "Crea, Vincenzo"]
[Black "Pieri, Enzo"]
[Result "1-0"]
[WhiteElo "2092"]
[BlackElo "1931"]
[PlyCount "77"]
[EventDate "2006.10.21"]

1. d4 d5 2. Nf3 Nf6 3. Bf4 g6 4. e3 Bg7 5. h3 O-O 6. c3 Nbd7 7. Be2 Re8 8. O-O
Nf8 9. Nbd2 Ne6 10. Bh2 h5 11. Ne5 Ng5 12. f3 Bf5 13. g4 hxg4 14. hxg4 Be6 15.
Kg2 Nd7 16. Nd3 f5 17. Nf4 Kf7 18. Bg3 Rh8 19. Qc2 Nf6 20. Nxe6 Kxe6 21. gxf5+
gxf5 22. Bd3 Rh6 23. Bxf5+ Kf7 24. Bf4 e6 25. Bxg5 exf5 26. Qxf5 Rg6 27. Kf2
Qd6 28. Bf4 Qe7 29. Rg1 Rxg1 30. Rxg1 Rh8 31. Qg6+ Kf8 32. Be5 Rh6 33. Qf5 c6
34. Qc8+ Kf7 35. Qf5 Kf8 36. Qf4 Kf7 37. Rg2 Ke8 38. Qg5 Kf8 39. Nf1 1-0

[Event "XXVIII Festival A"]
[Site "Arco ITA"]
[Date "2006.10.23"]
[Round "3"]
[White "Dalla Vecchia, Paolo"]
[Black "Astengo, Corrado"]
[Result "0-1"]
[WhiteElo "1802"]
[BlackElo "2128"]
[PlyCount "84"]
[EventDate "2006.10.21"]

1. d4 d5 2. Nf3 e6 3. Bf4 Nf6 4. e3 c5 5. c3 Nc6 6. Bd3 Qb6 7. Qc1 Bd7 8. Nbd2
Rc8 9. O-O cxd4 10. exd4 Nb4 11. Bc2 Nxc2 12. Qxc2 Be7 13. Qb3 Qa6 14. a4 O-O
15. Ne5 Rfd8 16. Nxd7 Nxd7 17. Qb5 Qb6 18. Nf3 a6 19. Qe2 Qb3 20. Rfb1 Nb6 21.
Ne5 Nc4 22. Nxc4 Rxc4 23. a5 Ra4 24. Bc7 Rc8 25. Rxa4 Qxa4 26. Bb6 Bd8 27. b3
Qa3 28. c4 Bxb6 29. axb6 dxc4 30. bxc4 Qc3 31. d5 Qxc4 32. Qxc4 Rxc4 33. d6 Rd4
34. Rc1 g6 35. f4 Rxd6 36. Rb1 Kf8 37. Kf2 Ke7 38. Ke3 h6 39. h4 h5 40. Rb4 Kd7
41. Ke4 Kc6 42. Ke5 Rd5+ 0-1

[Event "XXVIII Festival A"]
[Site "Arco ITA"]
[Date "2006.10.23"]
[Round "3"]
[White "Del Nevo, Claudio"]
[Black "Knors, Rudi"]
[Result "0-1"]
[WhiteElo "1917"]
[BlackElo "2071"]
[PlyCount "88"]
[EventDate "2006.10.21"]

1. d4 d6 2. Nf3 Nf6 3. Bg5 Nbd7 4. e3 h6 5. Bh4 e5 6. dxe5 dxe5 7. Bc4 Bb4+ 8.
c3 Bd6 9. Nbd2 g5 10. Bg3 Qe7 11. Qc2 Nb6 12. Bd3 Bd7 13. Nc4 e4 14. Nxd6+ cxd6
15. Bxd6 Qxd6 16. Bxe4 O-O-O 17. Rd1 Qe7 18. Bd3 Bc6 19. Qe2 Be4 20. O-O Nfd5
21. Nd4 Bxd3 22. Qxd3 Kb8 23. Qb5 Nc7 24. Qb3 Ne6 25. Nf5 Qc7 26. Qc2 h5 27. a4
Rxd1 28. Rxd1 Rd8 29. Rc1 Qd7 30. a5 Nc4 31. b4 Qd2 32. Qb1 Qd3 33. Qxd3 Rxd3
34. Kf1 g4 35. Nd4 Ng5 36. Rc2 Rd1+ 37. Ke2 Rh1 38. f4 gxf3+ 39. Nxf3 Nxf3 40.
Kxf3 Rxh2 41. Rc1 Rh4 42. g3 Ne5+ 43. Ke2 Rh2+ 44. Kd1 Rg2 0-1

[Event "XXVIII Festival A"]
[Site "Arco ITA"]
[Date "2006.10.23"]
[Round "3"]
[White "Di Lazzaro, Gabriele"]
[Black "Tocco, Paolo"]
[Result "1-0"]
[WhiteElo "1986"]
[BlackElo "2141"]
[PlyCount "83"]
[EventDate "2006.10.21"]

1. e4 e5 2. Nf3 Nc6 3. Bc4 f5 4. d4 exd4 5. O-O fxe4 6. Nxd4 Nf6 7. Bg5 Nxd4 8.
Qxd4 c6 9. Bxf6 Qxf6 10. Qxe4+ Be7 11. Nc3 Kd8 12. Rad1 Kc7 13. a3 d6 14. Rfe1
Re8 15. Bd3 g6 16. Qc4 Kb8 17. Ne4 Qf8 18. Qd4 Kc7 19. Ng3 Bd7 20. Ne4 Bf5 21.
Bf1 b6 22. c4 Rad8 23. b4 Bxe4 24. Rxe4 Bf6 25. Qe3 Rxe4 26. Qxe4 Re8 27. Qd3
Qe7 28. g3 c5 29. Bg2 Bd4 30. Qf3 Rc8 31. b5 Kd8 32. Bh3 Rb8 33. Rf1 Rb7 34.
Qd5 Ke8 35. Kg2 Kf8 36. Rd1 Kg7 37. Rd3 Qf7 38. Qf3 Re7 39. Rd2 Qxc4 40. Qc6
Qe6 41. Bxe6 Rxe6 42. Qd7+ 1-0

[Event "XXVIII Festival A"]
[Site "Arco ITA"]
[Date "2006.10.23"]
[Round "3"]
[White "Dittmar, Peter"]
[Black "Watson, Ron"]
[Result "1-0"]
[WhiteElo "2365"]
[BlackElo "2112"]
[PlyCount "55"]
[EventDate "2006.10.21"]

1. d4 d5 2. c4 e6 3. Nc3 Nf6 4. cxd5 exd5 5. Bg5 Be7 6. e3 O-O 7. Bd3 c6 8. Qc2
h6 9. Bf4 Nh5 10. Be5 Nd7 11. Nf3 Nxe5 12. dxe5 Qe8 13. O-O-O g6 14. h3 Be6 15.
Nd4 Ng7 16. f4 c5 17. Nxe6 fxe6 18. Bxg6 Qc6 19. g4 Rfd8 20. Bh7+ Kh8 21. Qg6
Bf8 22. Qxh6 Nf5 23. Qg6 Ne7 24. Qh5 Bg7 25. Ne4 Ng8 26. g5 Qc7 27. Nf6 Nh6 28.
Bc2 1-0

[Event "XXVIII Festival A"]
[Site "Arco ITA"]
[Date "2006.10.23"]
[Round "3"]
[White "Drasko, Milan"]
[Black "De Santis, Alessio"]
[Result "1-0"]
[WhiteElo "2547"]
[BlackElo "2337"]
[PlyCount "119"]
[EventDate "2006.10.21"]

1. d4 Nf6 2. c4 c5 3. d5 b5 4. cxb5 a6 5. bxa6 g6 6. Nc3 Bxa6 7. g3 d6 8. Bg2
Bg7 9. Nf3 O-O 10. O-O Nbd7 11. Qc2 Qa5 12. Rd1 Rfb8 13. Rb1 Ne8 14. Bd2 Qd8
15. b3 Nc7 16. a4 Nb6 17. e4 Bc8 18. Be3 Bd7 19. Nd2 Na6 20. Na2 Qe8 21. Bf1 h5
22. Re1 h4 23. Nc4 hxg3 24. hxg3 Nxc4 25. Bxc4 Qc8 26. Bd2 Bg4 27. Bc3 Nb4 28.
Nxb4 Rxb4 29. Bxg7 Kxg7 30. f3 Bd7 31. Qc3+ f6 32. Rb2 Qc7 33. Rh2 Rh8 34. Rxh8
Kxh8 35. Kg2 Kg7 36. Rh1 Rb8 37. g4 g5 38. Rh5 Be8 39. Rh1 Ra8 40. Kg3 Qb6 41.
f4 gxf4+ 42. Kxf4 Qa5 43. Qxa5 Rxa5 44. g5 Bd7 45. gxf6+ exf6 46. Bd3 Ra8 47.
Ra1 Ra5 48. Ke3 Kf7 49. Rh1 Kg8 50. e5 dxe5 51. Rh7 c4 52. Rxd7 cxd3 53. Kxd3
f5 54. Kc4 Kf8 55. d6 Ra8 56. Rh7 Kg8 57. Re7 e4 58. a5 Rf8 59. d7 f4 60. Re8
1-0

[Event "XXVIII Festival A"]
[Site "Arco ITA"]
[Date "2006.10.23"]
[Round "3"]
[White "Gestrich, Wolfgang"]
[Black "Cottarelli, Franco"]
[Result "0-1"]
[WhiteElo "1762"]
[BlackElo "1958"]
[PlyCount "90"]
[EventDate "2006.10.21"]

1. c4 f5 2. Nf3 Nf6 3. g3 d6 4. d4 g6 5. Bg2 Bg7 6. Nc3 O-O 7. O-O Qe8 8. b3
Na6 9. Bd2 h6 10. Qc1 Kh7 11. h3 e5 12. dxe5 dxe5 13. Nh2 c6 14. e4 fxe4 15.
Be3 Qe7 16. g4 Nc5 17. Qa3 b6 18. Bxc5 bxc5 19. Bxe4 Bd7 20. Bg2 h5 21. g5 Ne8
22. Ne4 Bf5 23. h4 Rd8 24. Qxc5 Qd7 25. Rad1 Qxd1 26. Rxd1 Rxd1+ 27. Nf1 Re1
28. Qxc6 Bg4 29. Qc5 Rf4 30. Neg3 e4 31. Qe7 e3 32. fxe3 Rf8 33. Qxa7 Nd6 34.
Qe7 Nf5 35. Qa7 Nxe3 36. Qa5 Nxg2 37. Kxg2 Bf3+ 38. Kh2 Rb1 39. Qd2 Rb2 40.
Qxb2 Bxb2 41. Ne3 Be5 42. a4 Bb7 43. Nef1 Rf2+ 44. Kg1 Rg2+ 45. Kh1 Rxg3+ 0-1

[Event "XXVIII Festival A"]
[Site "Arco ITA"]
[Date "2006.10.23"]
[Round "3"]
[White "Giuriato, Sergio"]
[Black "Ager, Josef"]
[Result "0-1"]
[WhiteElo "2013"]
[BlackElo "2196"]
[PlyCount "61"]
[EventDate "2006.10.21"]

1. d4 Nf6 2. c4 g6 3. Nf3 Bg7 4. g3 O-O 5. Bg2 d6 6. Nc3 Nc6 7. O-O a6 8. d5
Na5 9. Nd2 c5 10. Qc2 Rb8 11. b3 b5 12. Bb2 e5 13. Rab1 Nh5 14. e4 f5 15. Qd3
Bd7 16. Ne2 f4 17. f3 g5 18. g4 Nf6 19. Bc3 Qc7 20. Rfc1 b4 21. Bb2 Nb7 22. Kf2
h5 23. h3 Nd8 24. Ng1 Nf7 25. Bf1 Nh6 26. Be2 Qd8 27. Ke1 Rb7 28. Kd1 hxg4 29.
hxg4 Bxg4 30. fxg4 Nfxg4 31. Nf1 0-1

[Event "XXVIII Festival A"]
[Site "Arco ITA"]
[Date "2006.10.23"]
[Round "3"]
[White "Hackbarth, Wolfgang"]
[Black "Kaserer, Hans-Peter"]
[Result "1-0"]
[WhiteElo "2137"]
[BlackElo "1989"]
[PlyCount "85"]
[EventDate "2006.10.21"]

1. c4 e5 2. Nc3 Nf6 3. g3 c6 4. d4 exd4 5. Qxd4 d5 6. Bg2 Be6 7. cxd5 cxd5 8.
Bg5 Nc6 9. Qa4 Bb4 10. Nf3 O-O 11. O-O h6 12. Bxf6 Qxf6 13. Rac1 a6 14. a3 b5
15. Qd1 Bxc3 16. Rxc3 Na5 17. Nd4 Rac8 18. Rxc8 Rxc8 19. e3 Nc4 20. b3 Nxa3 21.
Qd2 b4 22. Qxb4 Nc2 23. Nxc2 Rxc2 24. Qb7 Rb2 25. Bxd5 Bxd5 26. Qxd5 Qb6 27.
Rc1 Rxb3 28. Rc8+ Kh7 29. Qxf7 Rb1+ 30. Kg2 Qb7+ 31. Qxb7 Rxb7 32. Ra8 Rb6 33.
f4 Rb2+ 34. Kf3 Ra2 35. f5 a5 36. h4 a4 37. g4 a3 38. g5 hxg5 39. hxg5 Ra1 40.
Kf4 Rf1+ 41. Ke5 Ra1 42. e4 a2 43. Ra7 1-0

[Event "XXVIII Festival A"]
[Site "Arco ITA"]
[Date "2006.10.23"]
[Round "3"]
[White "Isonzo, David"]
[Black "Schrott, Ernst"]
[Result "1-0"]
[WhiteElo "2345"]
[BlackElo "2070"]
[PlyCount "81"]
[EventDate "2006.10.21"]

1. e4 c5 2. Nf3 Nc6 3. d4 cxd4 4. Nxd4 Nf6 5. Nc3 d6 6. Bg5 e6 7. Qd2 Be7 8.
O-O-O a6 9. f3 Qa5 10. Be3 O-O 11. Kb1 Qc7 12. g4 b5 13. g5 Nd7 14. Nxc6 Qxc6
15. Ne2 Bb7 16. Nd4 Qc7 17. h4 d5 18. h5 Rfd8 19. g6 Bf6 20. h6 hxg6 21. hxg7
Bxg7 22. Bf4 Qb6 23. Qh2 e5 24. Qh7+ Kf8 25. Bh6 Bxh6 26. Qxh6+ Ke7 27. exd5
exd4 28. Re1+ Kd6 29. Qf4+ Kc5 30. Rd1 Rac8 31. Qxd4+ Kd6 32. Qf4+ Ne5 33. Qf6+
Kc7 34. Qxe5+ Qd6 35. Qg7 Qf8 36. Qf6 Rd6 37. Qe5 Kb6 38. Rh7 Rc7 39. Qd4+ Ka5
40. b4+ Ka4 41. Qb2 1-0

[Event "XXVIII Festival A"]
[Site "Arco ITA"]
[Date "2006.10.23"]
[Round "3"]
[White "Kern, Beat"]
[Black "Catalano, Luigi"]
[Result "0-1"]
[WhiteElo "1733"]
[BlackElo "1808"]
[PlyCount "36"]
[EventDate "2006.10.21"]

1. Nf3 Nc6 2. d4 d5 3. e3 a6 4. c4 Nf6 5. Nc3 e6 6. a3 Be7 7. Bd3 O-O 8. O-O h6
9. Bd2 Bd6 10. c5 Be7 11. b4 b5 12. cxb6 cxb6 13. b5 Na5 14. Ne5 Nd7 15. Nxd7
Qxd7 16. a4 Nc4 17. bxa6 Bxa6 18. Nb5 Bxb5 0-1

[Event "XXVIII Festival A"]
[Site "Arco ITA"]
[Date "2006.10.23"]
[Round "3"]
[White "La Malfa, Stelio"]
[Black "Moro, Roberto"]
[Result "1/2-1/2"]
[WhiteElo "1879"]
[BlackElo "1670"]
[PlyCount "92"]
[EventDate "2006.10.21"]

1. e4 c5 2. Nf3 Nc6 3. d4 cxd4 4. c3 e6 5. cxd4 Bb4+ 6. Nc3 Nge7 7. Bd3 O-O 8.
O-O h6 9. a3 Bxc3 10. bxc3 d5 11. e5 f6 12. Qe2 f5 13. Bd2 Bd7 14. Rab1 Rb8 15.
Ne1 Be8 16. Nc2 Ng6 17. Rb2 Nce7 18. Rfb1 b6 19. c4 f4 20. Qg4 Nf5 21. Bb4 h5
22. Qh3 Nge7 23. Bd6 Rc8 24. cxd5 exd5 25. Bxf5 Nxf5 26. Bxf8 Bd7 27. Qxh5 Qxf8
28. Qg5 Ne7 29. Nb4 Rc4 30. Rd2 a5 31. Nc2 Bf5 32. Rb2 Qc8 33. Qxe7 Bxc2 34. h3
Bf5 35. Qd6 Bxh3 36. Qxd5+ Be6 37. Qd6 Rc1+ 38. Kh2 Qe8 39. Rd3 Qh5+ 40. Rh3
Bxh3 41. gxh3 Qd1 42. Qd5+ Kh8 43. Qa8+ Kh7 44. Qe4+ Kh8 45. Qa8+ Kh7 46. Qe4+
Kh8 1/2-1/2

[Event "XXVIII Festival A"]
[Site "Arco ITA"]
[Date "2006.10.23"]
[Round "3"]
[White "La Manna, Andrea"]
[Black "Wagman, Stuart"]
[Result "1/2-1/2"]
[WhiteElo "1931"]
[BlackElo "2125"]
[PlyCount "38"]
[EventDate "2006.10.21"]

1. d4 d5 2. c4 e6 3. Nc3 Nf6 4. cxd5 exd5 5. Bg5 Nbd7 6. e3 c6 7. Bd3 Be7 8.
Qc2 Nf8 9. Nge2 Ne6 10. Bh4 g6 11. O-O O-O 12. f3 c5 13. dxc5 Bxc5 14. Nxd5
Qxd5 15. Bxf6 Bxe3+ 16. Kh1 Nc5 17. Bc4 Qc6 18. Bd4 Bxd4 19. Nxd4 Qb6 1/2-1/2

[Event "XXVIII Festival A"]
[Site "Arco ITA"]
[Date "2006.10.23"]
[Round "3"]
[White "La Manna, Francesco"]
[Black "Antoniacci, Riccardo"]
[Result "1-0"]
[WhiteElo "2119"]
[BlackElo "1969"]
[PlyCount "103"]
[EventDate "2006.10.21"]

1. d4 Nf6 2. c4 e6 3. Nc3 c5 4. d5 exd5 5. cxd5 d6 6. e4 g6 7. Bd3 Bg7 8. Nge2
O-O 9. O-O a6 10. a4 Nbd7 11. Ng3 Ne5 12. Be2 Nfg4 13. h3 Nh6 14. f4 Qh4 15.
fxe5 Bxe5 16. Nh1 Bd4+ 17. Nf2 Bxh3 18. Qd3 Bd7 19. Qd2 Ng4 20. Bxg4 Bxg4 21.
Qg5 Qxg5 22. Bxg5 f6 23. Bf4 Rad8 24. Kh2 Bc8 25. Nd3 Bg4 26. Rfe1 c4 27. Nb4
g5 28. Be3 Be5+ 29. Kg1 h5 30. Nc2 Kg7 31. Bb6 Rc8 32. Ne3 Bd7 33. a5 h4 34.
Nf5+ Kf7 35. Rac1 Rh8 36. Rc2 g4 37. Nd1 Rh5 38. Nde3 g3 39. Rxc4 Rxc4 40. Nxc4
Bxf5 41. Nxe5+ dxe5 42. exf5 Rxf5 43. Re4 Rh5 44. b3 Rh8 45. Kf1 Kg6 46. d6 Rh7
47. Bd8 Kf5 48. Rc4 e4 49. Rc7 Rh8 50. Be7 Ke6 51. Rxb7 f5 52. d7 1-0

[Event "XXVIII Festival A"]
[Site "Arco ITA"]
[Date "2006.10.23"]
[Round "3"]
[White "Luciani, Valerio"]
[Black "Shaw, John Kerr"]
[Result "0-1"]
[WhiteElo "2229"]
[BlackElo "2473"]
[PlyCount "84"]
[EventDate "2006.10.21"]

1. e4 d6 2. d4 Nf6 3. Nc3 Nbd7 4. g3 g6 5. Bg2 Bg7 6. Nge2 O-O 7. O-O c5 8. d5
Rb8 9. a4 b6 10. h3 a6 11. Be3 b5 12. axb5 axb5 13. Qd2 Ne5 14. Qc1 b4 15. Nd1
e6 16. Bh6 exd5 17. Bxg7 Kxg7 18. exd5 Nc4 19. b3 Nb6 20. Ne3 Bb7 21. Qd2 Re8
22. Ra7 Re5 23. Nf4 Qc8 24. g4 Ra8 25. Rxa8 Qxa8 26. Nd3 Ne4 27. Bxe4 Rxe4 28.
f3 Re8 29. Nf4 Qd8 30. Re1 Kg8 31. Kg2 Qf6 32. Kg3 Kf8 33. Nd3 Ba6 34. h4 Bxd3
35. Qxd3 Qe5+ 36. f4 Qe4 37. Qb5 Nxd5 38. Ng2 Nc3 39. Qd7 Ne2+ 40. Kf2 Qd4+ 41.
Kf3 Qc3+ 42. Kf2 Qg3+ 0-1

[Event "XXVIII Festival A"]
[Site "Arco ITA"]
[Date "2006.10.23"]
[Round "3"]
[White "Marini, Lucio"]
[Black "Mihajlova, Diana"]
[Result "1-0"]
[WhiteElo "1902"]
[BlackElo "1749"]
[PlyCount "60"]
[EventDate "2006.10.21"]

1. d4 Nf6 2. c4 d6 3. Nc3 b6 4. e4 Bb7 5. Bd3 e6 6. f4 Nfd7 7. Nf3 Nc6 8. O-O
Nb4 9. Rb1 g6 10. a3 Na6 11. b4 c5 12. dxc5 dxc5 13. b5 Nc7 14. e5 Qe7 15. Be4
O-O-O 16. Qe2 Bxe4 17. Nxe4 Qe8 18. a4 Be7 19. a5 Kb7 20. a6+ Ka8 21. Nd6 Qf8
22. Qe4+ Nd5 23. cxd5 f5 24. Qc4 Bxd6 25. dxe6 Nf6 26. exf6 Bc7 27. e7 Qxf6 28.
exd8=Q+ Rxd8 29. Be3 h6 30. Rbd1 Bb8 1-0

[Event "XXVIII Festival A"]
[Site "Arco ITA"]
[Date "2006.10.23"]
[Round "3"]
[White "Mora, Massimo"]
[Black "Romagnoli, Roberto"]
[Result "1/2-1/2"]
[WhiteElo "1847"]
[BlackElo "2138"]
[PlyCount "21"]
[EventDate "2006.10.21"]

1. e4 e6 2. d4 d5 3. Nc3 Nf6 4. e5 Nfd7 5. f4 c5 6. Nf3 Nc6 7. Ne2 b6 8. Ng3
Nxd4 9. Nxd4 cxd4 10. Qxd4 Bc5 11. Qd1 1/2-1/2

[Event "XXVIII Festival A"]
[Site "Arco ITA"]
[Date "2006.10.23"]
[Round "3"]
[White "Niccoli, Paolo"]
[Black "Rametta, Marcello"]
[Result "1-0"]
[WhiteElo "1994"]
[BlackElo "1780"]
[PlyCount "83"]
[EventDate "2006.10.21"]

1. e4 c5 2. Nf3 Nc6 3. Bb5 e6 4. O-O a6 5. Bxc6 bxc6 6. Nc3 Be7 7. d3 Nf6 8. e5
Nd5 9. Ne4 d6 10. c4 Nb6 11. Bf4 d5 12. Nd6+ Bxd6 13. exd6 f6 14. Nh4 g6 15.
Re1 O-O 16. Bh6 Rf7 17. Qg4 f5 18. Qg3 Qf6 19. Bf4 Nd7 20. Nf3 Qxb2 21. Ng5 Rf6
22. h4 e5 23. Bxe5 Nxe5 24. Qxe5 Qxe5 25. Rxe5 Rxd6 26. Re8+ Kg7 27. Rae1 Rd7
28. Ne6+ Kh6 29. Nxc5 Rda7 30. cxd5 cxd5 31. R1e5 Bb7 32. R8e7 Bc6 33. R7e6 Bd7
34. Rd6 Be8 35. a4 Bf7 36. a5 Kh5 37. g3 Kg4 38. d4 Kh3 39. Nd3 Rb7 40. Nf4+
Kg4 41. Kg2 g5 42. f3# 1-0

[Event "XXVIII Festival A"]
[Site "Arco ITA"]
[Date "2006.10.23"]
[Round "3"]
[White "Pedrotti, Luciano"]
[Black "Loi, Andrea"]
[Result "0-1"]
[WhiteElo "1902"]
[BlackElo "2069"]
[PlyCount "80"]
[EventDate "2006.10.21"]

1. e4 d6 2. d4 Nf6 3. Nc3 c6 4. Bd3 e5 5. dxe5 dxe5 6. Nf3 Qc7 7. O-O Bg4 8. a3
Nbd7 9. Be3 Be7 10. h3 Bh5 11. Be2 Bg6 12. Nd2 Nc5 13. Bf3 Rd8 14. Qe2 O-O 15.
Rfd1 Rfe8 16. b4 Ne6 17. Nb3 b6 18. Rd2 c5 19. bxc5 bxc5 20. Qc4 Rxd2 21. Bxd2
Nd4 22. Nxd4 exd4 23. Nd5 Nxd5 24. exd5 Bd6 25. Re1 Rxe1+ 26. Bxe1 Qb8 27. Qe2
Kf8 28. g3 Qe8 29. Qxe8+ Kxe8 30. Bd1 c4 31. c3 Bxa3 32. cxd4 Kd7 33. Be2 Bd3
34. Bxd3 cxd3 35. Bd2 Kd6 36. Bc3 Kxd5 37. Kf1 Kc4 38. Ba1 Bb4 39. d5 Bc3 40.
d6 d2 0-1

[Event "XXVIII Festival A"]
[Site "Arco ITA"]
[Date "2006.10.23"]
[Round "3"]
[White "Perryman, Marcus"]
[Black "Moratto, Davide"]
[Result "1/2-1/2"]
[WhiteElo "1990"]
[BlackElo "1831"]
[PlyCount "67"]
[EventDate "2006.10.21"]

1. e4 c5 2. Nf3 d6 3. d4 cxd4 4. Nxd4 Nf6 5. Nc3 a6 6. Be3 e5 7. Nb3 Be6 8. f3
Nbd7 9. Qd2 Be7 10. O-O-O b5 11. g4 h6 12. Kb1 Nb6 13. Qf2 Rb8 14. Be2 Qc7 15.
h4 Nc4 16. g5 Nxe3 17. Qxe3 Nh5 18. Bd3 Nf4 19. Rhg1 hxg5 20. hxg5 b4 21. Ne2
Nxd3 22. Qxd3 a5 23. Nbc1 a4 24. f4 Rh3 25. Rg3 Bc4 26. Qe3 Rxg3 27. Nxg3 exf4
28. Qxf4 b3 29. cxb3 axb3 30. a3 g6 31. Qd2 Rb5 32. Qc3 Bxg5 33. e5 dxe5 34.
Ne4 1/2-1/2

[Event "XXVIII Festival A"]
[Site "Arco ITA"]
[Date "2006.10.23"]
[Round "3"]
[White "Pipitone, Antonio"]
[Black "Marson, Antonio"]
[Result "1-0"]
[WhiteElo "1978"]
[BlackElo "1864"]
[PlyCount "63"]
[EventDate "2006.10.21"]

1. e4 c6 2. d4 d5 3. Nc3 dxe4 4. Nxe4 Bf5 5. Ng3 Bg6 6. Nf3 Nd7 7. h4 h6 8. h5
Bh7 9. Bd3 Bxd3 10. Qxd3 Qc7 11. c4 e6 12. Bd2 Ngf6 13. Rh4 Bd6 14. O-O-O O-O-O
15. Ne4 Nxe4 16. Qxe4 Nf6 17. Qc2 c5 18. Kb1 b6 19. dxc5 Qxc5 20. Nd4 Kb7 21.
b4 Qc7 22. Nb5 Qe7 23. a3 Rd7 24. Be3 Rhd8 25. c5 Nd5 26. c6+ Kb8 27. cxd7 Qxh4
28. Nxd6 Ne7 29. Nxf7 Nd5 30. Nxd8 Qxd8 31. Qc6 Nc7 32. Bf4 1-0

[Event "XXVIII Festival A"]
[Site "Arco ITA"]
[Date "2006.10.23"]
[Round "3"]
[White "Pivovarov, Michail"]
[Black "Vuelban, Virgilio"]
[Result "0-1"]
[WhiteElo "1891"]
[BlackElo "2341"]
[PlyCount "74"]
[EventDate "2006.10.21"]

1. Nf3 Nf6 2. c4 g6 3. g3 Bg7 4. Nc3 O-O 5. Bg2 d6 6. O-O e5 7. d3 Nc6 8. Bg5
h6 9. Bd2 Ne8 10. e4 Bg4 11. Qc1 Kh7 12. Nd5 f5 13. exf5 Bxf5 14. Qc2 Bg4 15.
Ne1 Nd4 16. Qa4 Be2 17. Nc3 Bxf1 18. Kxf1 Nf6 19. h3 Nh5 20. Kg1 Qf6 21. Ne4
Qf7 22. Qd1 Nf6 23. Nc3 c6 24. Be3 Nf5 25. Bd2 d5 26. Nf3 Rae8 27. c5 e4 28.
dxe4 Nxe4 29. Nxe4 dxe4 30. Nh2 Bd4 31. Ng4 h5 32. Ne3 Nxe3 33. fxe3 Qf2+ 34.
Kh1 Qxg3 35. exd4 Rf2 36. Qg1 Rxd2 37. Rf1 Re7 0-1

[Event "XXVIII Festival A"]
[Site "Arco ITA"]
[Date "2006.10.23"]
[Round "3"]
[White "Prakken, Gerrit"]
[Black "Heinig, Wolfram"]
[Result "1/2-1/2"]
[WhiteElo "2180"]
[BlackElo "2364"]
[PlyCount "32"]
[EventDate "2006.10.21"]

1. d4 Nf6 2. c4 d6 3. Nc3 Nbd7 4. e4 e5 5. Nf3 g6 6. Be2 Bg7 7. O-O O-O 8. Qc2
c6 9. Rd1 Qe7 10. d5 c5 11. Bg5 h6 12. Bd2 Ne8 13. g3 Ndf6 14. Rab1 Nc7 15. a3
a5 16. b3 Bd7 1/2-1/2

[Event "XXVIII Festival A"]
[Site "Arco ITA"]
[Date "2006.10.23"]
[Round "3"]
[White "Ricci, Alfredo"]
[Black "Salati, Paolo"]
[Result "0-1"]
[WhiteElo "2059"]
[BlackElo "1921"]
[PlyCount "120"]
[EventDate "2006.10.21"]

1. e4 Nf6 2. Nc3 d5 3. exd5 Nxd5 4. Bc4 e6 5. Qf3 Nxc3 6. bxc3 Nd7 7. d4 Qf6 8.
Rb1 Qxf3 9. Nxf3 Bd6 10. O-O O-O 11. Re1 Nb6 12. Bf1 Nd5 13. c4 Nf6 14. c5 Be7
15. c4 Re8 16. Bf4 b6 17. c6 Ba6 18. h3 Rac8 19. g4 h6 20. Re3 Red8 21. Rbb3
Kf8 22. Ra3 Bxa3 23. Rxa3 Bxc4 24. Bxc4 a5 25. Ba6 Nd5 26. Bg3 Ra8 27. Bb7 Rab8
28. Re3 Nxe3 29. fxe3 Rxb7 30. cxb7 Rb8 31. Bxc7 Rxb7 32. Bd6+ Ke8 33. Kf2 f6
34. Ke2 Rd7 35. Ba3 Rc7 36. Kd3 Kf7 37. e4 b5 38. Bc5 Rc6 39. a4 bxa4 40. Kc4
a3 41. Ne1 Rc8 42. Nc2 a2 43. Kb3 a1=Q 44. Nxa1 a4+ 45. Kb4 Rb8+ 46. Kxa4 Ra8+
47. Kb5 Rxa1 48. d5 exd5 49. exd5 Rd1 50. Kc6 Ke8 51. d6 Rd3 52. Kc7 g6 53. Bb4
h5 54. Be1 hxg4 55. hxg4 f5 56. gxf5 gxf5 57. Kc6 f4 58. Bh4 f3 59. Be1 Rd1 60.
Bf2 Rc1+ 0-1